Larousse diccionario básico : (Registro nro. 8314)
[ vista simple ]
| 000 -LEADER | |
|---|---|
| fixed length control field | 00827nam a22002657a 4500 |
| 001 - CONTROL NUMBER | |
| control field | 0074 |
| 003 - CONTROL NUMBER IDENTIFIER | |
| control field | DO-SdBNP |
| 005 - DATE AND TIME OF LATEST TRANSACTION | |
| control field | 20170914133545.0 |
| 007 - PHYSICAL DESCRIPTION FIXED FIELD--GENERAL INFORMATION | |
| fixed length control field | 0074 |
| 008 - FIXED-LENGTH DATA ELEMENTS--GENERAL INFORMATION | |
| fixed length control field | 151001b xxu||||| |||| 00| 0 spa d |
| 020 ## - INTERNATIONAL STANDARD BOOK NUMBER | |
| International Standard Book Number | 9789702214199 |
| 040 ## - CATALOGING SOURCE | |
| Original cataloging agency | BPMSU |
| Language of cataloging | spa |
| Transcribing agency | BPMSU |
| 082 #4 - DEWEY DECIMAL CLASSIFICATION NUMBER | |
| Classification number | R463 |
| Item number | G216L |
| 100 10 - MAIN ENTRY--PERSONAL NAME | |
| Personal name | García-Pelayo y Gross, Ramón |
| 245 10 - TITLE STATEMENT | |
| Title | Larousse diccionario básico : |
| Remainder of title | lengua española / |
| Statement of responsibility, etc. | Ramón García-Pelayo y Gross |
| 260 ## - PUBLICATION, DISTRIBUTION, ETC. (IMPRINT) | |
| Place of publication, distribution, etc. | México : |
| Name of publisher, distributor, etc. | Larousse, |
| Date of publication, distribution, etc. | 2010 |
| 300 ## - PHYSICAL DESCRIPTION | |
| Extent | 663 p.: |
| Other physical details | il.; |
| Dimensions | 18 cm. |
| 500 ## - GENERAL NOTE | |
| General note | Nueva edición con láminas a color y guía didáctica de uso |
| 500 ## - GENERAL NOTE | |
| General note | La biblioteca posee la 6ta. reimpresión |
| 650 ## - SUBJECT ADDED ENTRY--TOPICAL TERM | |
| Topical term or geographic name as entry element | ESPAÑOL |
| Form subdivision | DICCIONARIOS |
| 942 ## - ADDED ENTRY ELEMENTS (KOHA) | |
| Source of classification or shelving scheme | Dewey Decimal Classification |
| Koha item type | Libros |
| 945 ## - LOCAL PROCESSING INFORMATION (OCLC) | |
| a | Inventariado / 2017 VM |
| 956 ## - LOCAL ELECTRONIC LOCATION AND ACCESS (OCLC) | |
| Host name | Brenda Tavárez |
| 956 ## - LOCAL ELECTRONIC LOCATION AND ACCESS (OCLC) | |
| Host name | Validado. Control de calidad MFF |
| Withdrawn status | Lost status | Source of classification or shelving scheme | Damaged status | Not for loan | Home library | Current library | Date acquired | Source of acquisition | Total Checkouts | Full call number | Barcode | Date last seen | Price effective from | Koha item type | Collection code | Copy number |
|---|---|---|---|---|---|---|---|---|---|---|---|---|---|---|---|---|
| Dewey Decimal Classification | Biblioteca Pública Metropolitana Salomé Ureña | Biblioteca Pública Metropolitana Salomé Ureña | 10/01/2015 | Compra | R 463 G216L | BPMSU15100003 | 10/01/2015 | 10/01/2015 | Libros | |||||||
| Dewey Decimal Classification | Biblioteca Pública Metropolitana Salomé Ureña | Biblioteca Pública Metropolitana Salomé Ureña | 10/01/2015 | Compra | R 463 G216L | BPMSU15100004 | 10/01/2015 | 10/01/2015 | Libros | Colección de Referencia General | e. 2 | |||||
| Dewey Decimal Classification | Biblioteca Pública Metropolitana Salomé Ureña | Biblioteca Pública Metropolitana Salomé Ureña | 10/01/2015 | Compra | R 463 G216L | BPMSU15100005 | 10/01/2015 | 10/01/2015 | Libros | Colección de Referencia General | e. 3 |